| 000 | 00527nam a22001577a 4500 | ||
|---|---|---|---|
| 003 | MACL | ||
| 005 | 20180120131852.0 | ||
| 008 | 151119b xxu||||| |||| 00| 0 eng d | ||
| 040 | _cMACL | ||
| 041 | _aHINDI | ||
| 082 | _a001/CLC | ||
| 100 |
_aप्रो. काक अनुराग _917530 |
||
| 245 | _aअर्थ एंव परिभाषा भारतीय संस्कृति प्रश्नोत्तरी | ||
| 650 |
_aसामान्य ज्ञान _9328 |
||
| 942 |
_2ddc _cHIN |
||
| 999 |
_c50721 _d50721 |
||